Flags Revealing Flags #2 - Statistics

General Stats
  • This quiz has been taken 67,915 times
  • The average score is 17 of 21
Answers on the Map
Answers color-coded by a green-red scale on the quiz's map according to % correct below.
 
Answer Stats
Answer % Correct
United Kingdom
99%
Jamaica
97%
Kazakhstan
90%
North Macedonia
90%
Sri Lanka
90%
Bosnia and Herzegovina
88%
Belarus
85%
Hungary
83%
Honduras
82%
Malaysia
81%
Seychelles
81%
Nigeria
80%
Uzbekistan
80%
Ethiopia
79%
Libya
75%
Saint Lucia
75%
Brunei
74%
Zimbabwe
70%
Nauru
68%
South Sudan
63%
Tuvalu
63%
No matching quizzes found
Score Distribution
Percent of People with Each Score
Percentile by Number Answered
Your Score History
You have not taken this quiz